INTRODUCTION TO HIGH ENERGY PHYSICS (Record no. 24983)

MARC details
000 -LEADER
fixed length control field 00363nam a22001577a 4500
003 - CONTROL NUMBER IDENTIFIER
control field SGT
020 ## - INTERNATIONAL STANDARD BOOK NUMBER
International Standard Book Number 9780521138468
082 ## - DEWEY DECIMAL CLASSIFICATION NUMBER
Classification number 539.76
Item number PER
100 ## - MAIN ENTRY--PERSONAL NAME
Personal name PERKINS,DONALD.H.
245 ## - TITLE STATEMENT
Title INTRODUCTION TO HIGH ENERGY PHYSICS
250 ## - EDITION STATEMENT
Edition statement 4TH
260 ## - PUBLICATION, DISTRIBUTION, ETC. (IMPRINT)
Place of publication, distribution, etc NEW DELHI
Name of publisher, distributor, etc CAMBRIDGE UNIVERSITY PRESS
Year of Publication 2018
300 ## - PAGE DESCRIPTION
No. of Pages 426
650 ## - SUBJECT ADDED ENTRY--TOPICAL TERM
Topical term or geographic name as entry element PHYSICS
942 ## - ADDED ENTRY ELEMENTS (KOHA)
Source of classification or shelving scheme Dewey Decimal Classification
Koha item type Books
Holdings
Withdrawn status Lost status Source of classification or shelving scheme Damaged status Use restrictions Not for loan Collection code Home library Current library Shelving location Date acquired Vendor Name Cost, normal purchase price SGTU Bill Number Full call number Accession No. (Barcode) Date last seen Bill Date Koha item type
    Dewey Decimal Classification   Restricted Access Not For Loan ENGINEERING SGT Engineering Library SGT Engineering Library Reference Book 06/09/2023 AHUJA BOOK COMPANY 895.00 SGTU 17044 539.76 PER FE8855 06/09/2023 12/07/2023 Books